Statistics for Countries With The Most Internet Users - Share Of Population

Click here to take the quiz!

General Stats

  • This quiz has been taken 29 times
    (15 since last reset)
  • The average score is 38 of 50

Answer Stats

%Country% Correct
92.4France
100%
85.3Italy
100%
94.8Norway
100%
90.7Sweden
100%
96.6United Kingdom
100%
92.2United States
100%
85.5Argentina
86%
81.5Australia
86%
86.1Austria
86%
86.3Belgium
86%
84.6Brazil
86%
89.0Canada
86%
87.7Chile
86%
92.7Denmark
86%
87.9Estonia
86%
93.4Germany
86%
88.9Iceland
86%
94.5Japan
86%
95.3Liechtenstein
86%
89.3Luxembourg
86%
83.5New Zealand
86%
90.4Poland
86%
94.2Qatar
86%
85.5Russia
86%
95.4South Korea
86%
89.6Spain
86%
91.4Switzerland
86%
82.7Turkey
86%
95.2United Arab Emirates
86%
88.9Uruguay
86%
96.3Andorra
71%
99.5Bahrain
71%
91.3Brunei
71%
88.3Iran
71%
95.9Kuwait
71%
84.2Latvia
71%
100Moldova
71%
100Monaco
71%
91.3Netherlands
71%
84.7Serbia
71%
82.5Bahamas
57%
83.4Costa Rica
57%
82.2Oman
57%
91.9Taiwan
57%
83.3Barbados
43%
85.1Lebanon
43%
89.3Malaysia
43%
94.0Saint Kitts and Nevis
43%
83.4Antigua and Barbuda
29%
91.7Georgia
29%

Score Distribution

Percentile by Number Answered

Percent of People with Each Score

Your Score History

You have not taken this quiz since the last reset